Normal view
MARC view
Entry Personal Name
001 - CONTROL NUMBER
- control field: 2419
003 - CONTROL NUMBER IDENTIFIER
- control field: OSt
005 - DATE AND TIME OF LATEST TRANSACTION
- control field: 20211028141407.0
008 - FIXED-LENGTH DATA ELEMENTS
- fixed length control field: 211028|| aca||aabn | a|a d
040 ## - CATALOGING SOURCE
- Original cataloging agency: OSt
- Transcribing agency: OSt
100 ## - HEADING--PERSONAL NAME
- Personal name: Vanessa, Antao Clementine;Pilar, Bharathi.
- Miscellaneous information: 299753
670 ## - SOURCE DATA FOUND
- Source citation: Work cat.: (OSt): Vanessa, Antao Clementine;Pilar, Bharathi. 299753, Electronic customer relationshipmanagement., 2005